| Tag |
First Indicator |
Second Indicator |
Subfields |
| LEADER |
00000cam a2200000 a 4500 |
| 001 |
in00000029226 |
| 005 |
20151007060138.0 |
| 008 |
870901s1988 ohu j s00011 eng |
| 010 |
|
|
|a 87024762
|
| 020 |
|
|
|a 0821408798
|
| 020 |
|
|
|a 0821408801 (pbk.)
|
| 035 |
|
|
|a (OCoLC)16717506
|
| 035 |
|
|
|9 AAC0147AM
|
| 040 |
|
|
|a DLC
|c DLC
|d OCL
|d TXA
|d UtOrBLW
|
| 041 |
1 |
|
|a eng
|h gre
|
| 049 |
|
|
|a [Curr Col] TXAM
|c [A11112477]
|
| 050 |
0 |
0 |
|a PZ7.K2155
|b At 1988
|
| 082 |
0 |
|
|a [Fic]
|2 19
|
| 100 |
1 |
|
|a Kazantzakis, Nikos,
|d 1883-1957.
|
| 240 |
1 |
0 |
|a Sta palatia tēs Knōsou.
|l English
|
| 245 |
1 |
0 |
|a At the palaces of Knossos :
|b a novel /
|c Nikos Kazantzakis ; translated by Themi and Theodora Vasils ; edited by Theodora Vasils.
|
| 264 |
|
1 |
|a Athens :
|b Ohio University Press,
|c [1988]
|
| 264 |
|
4 |
|c ©1988
|
| 300 |
|
|
|a 219 pages ;
|c 24 cm.
|
| 336 |
|
|
|a text
|b txt
|2 rdacontent
|
| 337 |
|
|
|a unmediated
|b n
|2 rdamedia
|
| 338 |
|
|
|a volume
|b nc
|2 rdacarrier
|
| 500 |
|
|
|a An abridged and edited translation of: Sta palatia tēs Knōsou.
|
| 520 |
|
|
|a With the help of the princess Ariadne and other friends in the palace at Crete, Theseus enters the Labyrinth and slays the hideous Minotaur, thus spearheading the resistance of the Athenian people against King Minos.
|
| 600 |
|
0 |
|a Theseus,
|c King of Athens
|x Juvenile fiction.
|
| 600 |
|
0 |
|a Theseus,
|c King of Athens
|x Fiction.
|
| 651 |
|
0 |
|a Greece
|v Fiction.
|
| 700 |
1 |
|
|a Vasils, Theodora.
|
| 999 |
|
|
|a MARS
|
| 999 |
f |
f |
|s b835cdc4-0773-323e-a437-b8b7fbcce21a
|i 7de68417-b4e1-3cb7-8a69-8dd2231fb043
|t 0
|
| 952 |
f |
f |
|p normal
|a Texas A&M University
|b College Station
|c Sterling C. Evans Library
|d Evans: Curriculum Collection (4th floor)
|t 0
|e PZ7.K2155 At 1988
|h Library of Congress classification
|i unmediated -- volume
|m A14811112477
|
| 998 |
f |
f |
|a PZ7.K2155 At 1988
|t 0
|l Evans: Curriculum Collection (4th floor)
|